Çernobil nükleer santralinin özellikleri ve kazanın oluşumu (Record no. 6912)

MARC details
000 -BAŞLIK
Sabit Uzunlukta Kontrol Alanı 00810na a2200265 4500
001 - KONTROL NUMARASI
Denetim Alanı 18855
003 - KONTROL NUMARASI IDENTIFIER
Denetim Alanı MIRAKIL
005 - SON İŞLEM TARİHİ VE ZAMANI
Denetim Alanı 20181213155123.0
008 - SABİT-BOY VERİ ELEMANLARI - GENEL BİLGİLER
Sabit Uzunlukta Kontrol Alanı 161202b tu 000 0
020 ## - ULUSLARARASI STANDART KİTAP NUMARASI
Uluslararası Standart Kitap Numarası 975889823X
035 ## - SİSTEM KONTROL NUMARASI
Sistem Kontrol Numarası 18855
040 ## - KATALOGLAMA KAYNAK
Orijinal Kataloglama Ajansı Milas
Kataloglama Dili tur
Metne Dönüştürmek Ajansı TR-AnCHP
041 ## - DİL KODU
Metin / Ses Parça Veya Ayrı Başlığın Dil Kodu tur
082 ## - DEWEY ONLU SINIFLANDIRMA NUMARASI
Sınıflandırma Numarası 363.7
Ürün Numarası Ç36 2006
090 ## - SINIFLAMA NUMARASI
Sınıflama Numarası 363.7 Ç36 2006
245 ## - BAŞLIK TABLOSU
Başlık Çernobil nükleer santralinin özellikleri ve kazanın oluşumu
Sorumluluk Tablosu, Vb Türkiye ATOM Enerjisi Kurumu
260 ## - YAYIN, DAĞITIM, VB
Yayın, Dağıtım, Vb Yeri Ankara
Yayıncı, Dağıtıcı, Vs Adı Türkiye ATOM Enerjisi Kurumu
Yayın, Dağıtım, Vb Tarihi 2006
300 ## - FİZİKSEL TANIM
Kapsam 204 s.
Diğer Fiziksel Ayrıntıları tbl. ; grf.
Boyutlar 24 sm.
490 ## - SERİSİ TABLOSU
Seri Beyanı Türkiye ATOM Enerjisi Kurumu Çernobil Serisi
Hacim / Ardışık Tanımı 4
500 ## - GENEL NOT
Genel Not Kaynakça var.
650 ## - KONU KATMA GİRİŞ - TOPİKAL DÖNEM
Topikal Süreli Veya Coğrafi Ad Giriş Elemanı ÇERNOBİL
Coğrafi Alt Bölümü Türkiye
650 ## - KONU KATMA GİRİŞ - TOPİKAL DÖNEM
Topikal Süreli Veya Coğrafi Ad Giriş Elemanı Çevre kirliliği
Coğrafi Alt Bölümü Türkiye
710 ## - KATMA GİRİŞ - KURUMSAL ADI
Giriş Elemanı Olarak Kurumsal Ad Veya Yargı Alanı Adı Türkiye ATOM Enerjisi Kurumu
942 ## - EKLENDİ GİRİŞ ELEMANLARI (KOHA)
Sınıflandırma Veya Raf Düzeni Kaynak Dewey Decimal Classification
Koha Öğesi Türü Books
999 ## - SİSTEM KONTROL NUMARALARI (KOHA)
Koha Biblionumber 6912
Koha Biblioitemnumber 6912
Holdings
Kalıcı Konum Mevcut Konum Edinme Tarihi Edinim Kaynak Toplam Check-Out'Lar Tam Çağrı Numarası Barkod Tarih Son Görülme İtibaren Geçerli Fiyatlar Koha Öğesi Türü Kopya Sayısı
CHP Kütüphanesi CHP Kütüphanesi 12/02/2016 Bağış   363.7 Ç36 2006 009779 12/02/2016 12/02/2016 Books  
CHP Kütüphanesi CHP Kütüphanesi 12/02/2016 Bağış   363.7 Ç36 2006 009783 12/02/2016 12/02/2016 Books k.2